01015nam a2200229 u 450000100100000000500170001000800410002704000250006808200130009310000390010624502170014525000120036226000360037430000210041050000320043150000370046359000270050070000500052770000480057795201430062599900170076800002053320200930011126.0100810s19uu sp r 001 0 spa d aDO-SdBNPbspacBNPHU axxxbxxx1 aStein, Friedrichd1818-188594325713aEl conocimiento privado del juez :binvestigaciones sobre el derecho probatorio en ambos procesos /cFriedrich Stein, traducción y notas Andrés de la Oliva Santos ; presentación Prieto Castro y Ferrándiz. a2a. ed. a[España] :b[s.d.],c[19--?]. a238 p. ;c21 cm. aIncluye indice de materias. aIncluye notas a pie de páginas aInventariado, 2019/ YL1 aOliva Santos, Andrés de laetr. not.9432581 aCastro y Ferrándiz, Prietoeprest.943259 001050718MOaPDbPDcCTd2019-07-22iLF1l0oxxx xxxp20533-10r2020-06-25w2020-06-25y1zDonación Familia Reyes DulucZNo se presta c20037d20037